000 02896cam a2200385 i 4500
001 5990
003 FISKH
005 20250218140925.0
008 180406s2018 nyuab b 001 0 eng
010 _a 2018000167
020 _a9781250107817 (hardcover)
020 _a9781473637498
040 _aDLC
_beng
_cDLC
_erda
_dDLC
050 _aRA785 .R673
082 _a155.9
100 1 _aRosling, Hans,
_eauthor.
245 1 0 _aFactfulness :
_bten reasons we're wrong about the world--and why things are better than you think /
_cHans Rosling, with Ola Rosling and Anna Rosling Rönnlund.
250 _aThis paperback edition published in 2019
260 _aLondon :
_bSceptre,
_c2018.
300 _a342 pages :
_bcolor illustrations ; map ;
_c20 cm
336 _atext
_btxt
_2rdacontent
337 _aunmediated
_bn
_2rdamedia
338 _avolume
_bnc
_2rdacarrier
500 _aMaps on lining papers.
504 _aIncludes bibliographical references (pages 299-325) and index.
505 0 _aIntroduction -- The gap instinct -- The negativity instinct -- The straight line instinct -- The fear instinct -- The size instinct -- The generalization instinct -- The destiny instinct -- The single perspective instinct -- The blame instinct -- The urgency instinct -- Factfulness in practice -- Acknowledgements -- Appendix 1: How did your country do? -- Notes -- Index.
520 _a"When asked simple questions about global trends--what percentage of the world's population live in poverty; why the world's population is increasing; how many girls finish school -- we systematically get the answers wrong. So wrong that a chimpanzee choosing answers at random will consistently outguess teachers, journalists, Nobel laureates, and investment bankers. Professor and TED presenter Hans Rosling, together with his two long-time collaborators, Anna and Ola, offers a radical explanation of why this happens. They reveal the ten instincts that distort our perspective, from our tendency to divide the world into two camps (usually some version of us and them) to the way we consume media (where fear rules) to how we perceive progress (believing that most things are getting worse). Our problem is that we don't know what we don't know, and even our guesses are informed by unconscious and predictable biases. It turns out that the world, for all its imperfections, is in a much better state than we might think. That doesn't mean there aren't real concerns. But when we worry about everything all the time instead of embracing a worldview based on facts, we can lose our ability to focus on the things that threaten us most."
650 0 _aStress management.
650 0 _aReality.
700 1 _aRosling, Ola,
_d1975-
_eauthor.
700 1 _aRönnlund, Anna Rosling,
_d1975-
_eauthor.
906 _a7
_bcbc
_corignew
_d1
_eecip
_f20
_gy-gencatlg
942 _2ddc
_cBK
_n0
999 _c5990
_d5990